Mitologia Giove potente signore dell'olimpo

Shranjeno v:
Bibliografske podrobnosti
Glavni avtor: National Geographic
Format: Knjiga
Jezik:neznan ali neveljaven jezik
Izdano: National Geographic
Oznake: Označite
Brez oznak, prvi označite!

MARC

LEADER 00000nam a2200000Ia 4500
001 R-110
003 CODICE-MESSINA
005 20260212102447.0
008 260211s9999 xx 000 0 und d
040 |c importazione_messina 
100 |a National Geographic 
245 0 |a Mitologia 
245 0 |b Giove potente signore dell'olimpo 
260 |b National Geographic 
942 |2 ddc  |c BK 
952 |0 0  |1 0  |2 ddc  |4 0  |6 SCAFFALE_2_000000000000000__ARTE  |7 0  |9 30927  |a ME  |b ME  |d 2026-02-11  |l 0  |o SCAFFALE 2 - ARTE  |p R-110  |r 2026-02-11 23:52:13  |w 2026-02-11  |x [REVISIONARE]  |y BK 
999 |c 26591  |d 26591